| 000 | 00684nam a2200289Ia 4500 | ||
|---|---|---|---|
| 008 | 181129s9999 xx 000 0 und d | ||
| 020 | _a9781419709197 | ||
| 050 | _bK558 2012 | ||
| 100 | _aKinney, Jeff | ||
| 245 | 4 | _aThe third wheel / | |
| 245 | 0 | _cby Jeff Kinney. | |
| 260 | _aNew York, NY : | ||
| 260 | _bAmulet Books, | ||
| 260 | _c2012 | ||
| 300 | _a217 pages : | ||
| 300 | _billustrations ; | ||
| 300 | _c20cm. | ||
| 440 | _aDiary od a wimpy kid ; | ||
| 440 | _v7 | ||
| 650 | _aBest friends. | ||
| 650 | _aDance parties. | ||
| 650 | _aFamilies. | ||
| 650 | _aHumorous stories. | ||
| 650 | _aValentine's day. | ||
| 700 | _aSeries. | ||
| 700 | _aTitle. | ||
| 999 |
_c360123 _d360123 |
||